<?xml version="1.0" encoding="UTF-8"?>
<record
    xmlns:xsi="http://www.w3.org/2001/XMLSchema-instance"
    xsi:schemaLocation="http://www.loc.gov/MARC21/slim http://www.loc.gov/standards/marcxml/schema/MARC21slim.xsd"
    xmlns="http://www.loc.gov/MARC21/slim">

  <leader>04577nam a22003737a 4500</leader>
  <datafield tag="999" ind1=" " ind2=" ">
    <subfield code="c">20919</subfield>
    <subfield code="d">20919</subfield>
  </datafield>
  <controlfield tag="005">20240508122404.0</controlfield>
  <controlfield tag="008">240508b           ||||| |||| 00| 0 spa d</controlfield>
  <datafield tag="020" ind1=" " ind2=" ">
    <subfield code="a">9786287676992</subfield>
  </datafield>
  <datafield tag="020" ind1=" " ind2=" ">
    <subfield code="a">9789585060005</subfield>
  </datafield>
  <datafield tag="040" ind1=" " ind2=" ">
    <subfield code="a">CO-BoIAVH </subfield>
    <subfield code="c">CO-BoIAVH </subfield>
  </datafield>
  <datafield tag="041" ind1=" " ind2=" ">
    <subfield code="a">spa</subfield>
  </datafield>
  <datafield tag="044" ind1=" " ind2=" ">
    <subfield code="a">ck</subfield>
  </datafield>
  <datafield tag="082" ind1=" " ind2=" ">
    <subfield code="a">333.7</subfield>
    <subfield code="b">G993O</subfield>
  </datafield>
  <datafield tag="100" ind1=" " ind2=" ">
    <subfield code="a">Guzm&#xE1;n Jim&#xE9;nez, Luis Felipe</subfield>
    <subfield code="e">autor</subfield>
  </datafield>
  <datafield tag="245" ind1=" " ind2=" ">
    <subfield code="a">La organizaci&#xF3;n administrativa ambiental : </subfield>
    <subfield code="b">una mirada al Sistema Nacional Ambiental (SINA) /</subfield>
    <subfield code="c">Luis Felipe Guzm&#xE1;n Jim&#xE9;nez ; presentaci&#xF3;n Angela Mar&#xED;a Amaya Arias</subfield>
  </datafield>
  <datafield tag="250" ind1=" " ind2=" ">
    <subfield code="a">Primera edici&#xF3;n</subfield>
  </datafield>
  <datafield tag="260" ind1=" " ind2=" ">
    <subfield code="a">Bogot&#xE1; :</subfield>
    <subfield code="b">Universidad Externado de Colombia,</subfield>
    <subfield code="c"> &#xA9;2023.</subfield>
  </datafield>
  <datafield tag="300" ind1=" " ind2=" ">
    <subfield code="a">187 p&#xE1;ginas : </subfield>
    <subfield code="c">21 cm</subfield>
  </datafield>
  <datafield tag="504" ind1=" " ind2=" ">
    <subfield code="a">Incluye referencias bibliogr&#xE1;ficas (p&#xE1;ginas 171-187)</subfield>
  </datafield>
  <datafield tag="505" ind1=" " ind2=" ">
    <subfield code="a">Una mirada a la organizaci&#xF3;n administrativa del Estado colombiano. Especial referencia al sector ambiente y desarrollo sostenible -- Notas caracter&#xED;sticas de la organizaci&#xF3;n administrativa en Colombia en el periodo comprendido: 1954-2018 -- Notas caracter&#xED;sticas de la organizaci&#xF3;n administrativa del sector ambiental y de desarrollo sostenible -- Bases constitucionales y legales en relaci&#xF3;n con la estructura administrativa ambiental -- Regulaci&#xF3;n de la organizaci&#xF3;n administrativa en el sector ambiental y de desarrollo sostenible. Modelos de organizaci&#xF3;n -- Las entidades de la organizaci&#xF3;n administrativa ambiental. Una mirada a la realidad administrativa del Sistema Nacional Ambiental -- Sector central -- Ministerio de Ambiente y Desarrollo Sostenible -- Parques Nacionales Naturales de Colombia (PNN) -- Autoridad Nacional de Licencias Ambientales (ANLA) -- Sector descentralizado por servicios -- Instituto de Hidrolog&#xED;a, Meteorolog&#xED;a y Estudios Ambientales (Ideam) -- 3.2.2. Instituto de investigaci&#xF3;n de recursos biol&#xF3;gicos &#xAB;Alexander von Humboldt&#xBB; -- Instituto de Investigaciones Marinas y Costeras &#xAB;Jos&#xE9; Benito Vives de Andreis&#xBB; (Invemar) -- Instituto de Investigaciones Ambientales del Pac&#xED;fico (Neumann) -- Instituto Amaz&#xF3;nico de Investigaciones Cient&#xED;ficas (Sinchi) -- Apreciaciones finales en torno a la investigaci&#xF3;n -- &#xD3;rganos aut&#xF3;nomos (Corporaciones Aut&#xF3;nomas Regionales y de Desarrollo Sostenible) -- Sector descentralizado territorial -- Otras entidades relacionadas con el SINA -- Eficacia administrativa.</subfield>
  </datafield>
  <datafield tag="520" ind1=" " ind2=" ">
    <subfield code="a">El presente libro tiene una estructura sencilla, compuesta por cuatro partes. En primer lugar, una mirada r&#xE1;pida a la organizaci&#xF3;n administrativa del Estado colombiano, haciendo un especial &#xE9;nfasis en el sector ambiental (que es el sector que nos ocupa en este trabajo), durante el periodo comprendido entre 1954 a 2018. En segundo lugar, las bases constitucionales en relaci&#xF3;n con la estructura administrativa ambiental, es decir, las normas de organizaci&#xF3;n fundamental. En tercer lugar, algunas ideas en torno a los modelos de organizaci&#xF3;n administrativa en el sector de referencia, los cuales son esenciales para el estudio de la estructura administrativa (parte est&#xE1;tica del derecho administrativo). En cuarto lugar, el libro desarrolla un an&#xE1;lisis a profundidad de los &#xF3;rganos que conforman la organizaci&#xF3;n administrativa ambiental, es decir, las entidades que conforman el SINA, para ello la obra se concentra en las tres tareas centrales del derecho de organizaci&#xF3;n: distribuci&#xF3;n org&#xE1;nica, actividades y competencias. Por tanto, la mirada se dirige a la realidad administrativa, tanto en el nivel central como en el nivel descentralizado (por servicios y territorialmente) con el an&#xE1;lisis riguroso de normas de organizaci&#xF3;n administrativa primarias (legales) y secundarias (reglamentarias y administrativas). (Fuente tomada del texto)</subfield>
  </datafield>
  <datafield tag="650" ind1=" " ind2=" ">
    <subfield code="a"> Gesti&#xF3;n ambiental</subfield>
    <subfield code="x">Aspectos jur&#xED;dicos</subfield>
    <subfield code="z">Colombia</subfield>
  </datafield>
  <datafield tag="650" ind1=" " ind2=" ">
    <subfield code="a">Gesti&#xF3;n ambiental</subfield>
    <subfield code="x">Aspectos constitucionales</subfield>
    <subfield code="z">Colombia</subfield>
  </datafield>
  <datafield tag="650" ind1=" " ind2=" ">
    <subfield code="a">Desarrollo sostenible</subfield>
    <subfield code="x">Aspectos ambientales</subfield>
    <subfield code="z">Colombia</subfield>
  </datafield>
  <datafield tag="650" ind1=" " ind2=" ">
    <subfield code="a">Parques nacionales</subfield>
    <subfield code="x">Aspectos jur&#xED;dicos</subfield>
    <subfield code="z">Colombia</subfield>
  </datafield>
  <datafield tag="650" ind1=" " ind2=" ">
    <subfield code="a">Entidades territoriales</subfield>
    <subfield code="z">Colombia</subfield>
  </datafield>
  <datafield tag="650" ind1=" " ind2=" ">
    <subfield code="a">Derecho administrativo</subfield>
    <subfield code="z">Colombia</subfield>
  </datafield>
  <datafield tag="650" ind1=" " ind2=" ">
    <subfield code="a"> Descentralizaci&#xF3;n administrativa</subfield>
    <subfield code="z">Colombia</subfield>
  </datafield>
  <datafield tag="650" ind1=" " ind2=" ">
    <subfield code="a">Responsabilidad por el medio ambiente</subfield>
    <subfield code="x">Aspectos jur&#xED;dicos</subfield>
    <subfield code="z">Colombia</subfield>
  </datafield>
  <datafield tag="650" ind1=" " ind2=" ">
    <subfield code="a">Administraci&#xF3;n p&#xFA;blica</subfield>
    <subfield code="z"> Colombia</subfield>
  </datafield>
  <datafield tag="651" ind1=" " ind2=" ">
    <subfield code="a">Colombia. </subfield>
    <subfield code="v">Ministerio de Ambiente y Desarrollo Sostenible. Sistema Nacional Ambiental</subfield>
    <subfield code="x">Aspectos jur&#xED;dicos</subfield>
  </datafield>
  <datafield tag="700" ind1=" " ind2=" ">
    <subfield code="a"> Amaya Arias, Angela Mar&#xED;a</subfield>
    <subfield code="e">presentaci&#xF3;n</subfield>
  </datafield>
  <datafield tag="942" ind1=" " ind2=" ">
    <subfield code="2">ddc</subfield>
    <subfield code="c">LIBRO</subfield>
  </datafield>
  <datafield tag="952" ind1=" " ind2=" ">
    <subfield code="0">0</subfield>
    <subfield code="1">0</subfield>
    <subfield code="2">ddc</subfield>
    <subfield code="4">0</subfield>
    <subfield code="7">0</subfield>
    <subfield code="8">GENERAL</subfield>
    <subfield code="a">Bogota</subfield>
    <subfield code="b">Bogota</subfield>
    <subfield code="d">2024-04-18</subfield>
    <subfield code="e">Institucional</subfield>
    <subfield code="g">55000.00</subfield>
    <subfield code="l">0</subfield>
    <subfield code="o">333.7 G993O</subfield>
    <subfield code="p">030527</subfield>
    <subfield code="r">2024-05-08 00:00:00</subfield>
    <subfield code="t">Ej. 1</subfield>
    <subfield code="w">2024-05-08</subfield>
    <subfield code="x">Compra</subfield>
    <subfield code="y">LIBRO</subfield>
  </datafield>
</record>
